| 000 | 01722cam a2200361 a 4500 | ||
|---|---|---|---|
| 999 |
_c22553 _d22552 |
||
| 001 | 4887768 | ||
| 005 | 20170124115752.0 | ||
| 008 | 930407s1993 nyua bc 001 0 eng | ||
| 010 | _a 93017552 | ||
| 020 |
_a155595085X (cloth) : _c$65.00 |
||
| 020 |
_a1555950868 : _c$45.00 |
||
| 043 | _ae-dk--- | ||
| 050 | 0 | 0 | _aND717.5 .R65M66 1993 |
| 100 | 1 | _aMonrad, Kasper. | |
| 245 | 1 | 4 |
_aThe golden age of Danish painting / _ccatalogue by Kasper Monrad ; essays by Philip Conisbee ... [et al.]. |
| 250 | _a1st ed. | ||
| 260 |
_aNew York : _bHudson Hills Press in association with Los Angeles County Museum of Art ; _a[Lanham, Md.]: _bDistributed in the U.S. by National Book Network, _cc1993. |
||
| 300 |
_a237 p. : _bill. (some col.) ; _c31 cm. |
||
| 500 | _a"Exhibition schedule: Los Angeles County Museum of Art, October 24, 1993-January 2, 1994; Metropolitan Museum of Art, New York, February 13-April 24, 1994"--T.p. verso. | ||
| 504 | _aIncludes bibliographical references (p. 223-231) and index. | ||
| 650 | 0 |
_aPainting, Danish _y19th century _vExhibitions. |
|
| 650 | 0 |
_aRomanticism in art _vExhibitions. |
|
| 700 | 1 | _aConisbee, Philip. | |
| 710 | 2 | _aLos Angeles County Museum of Art. | |
| 710 | 2 | _aMetropolitan Museum of Art (New York, N.Y.) | |
| 942 |
_2lcc _cBOOKS |
||